| 000 | 01265nam a2200325 i 4500 | ||
|---|---|---|---|
| 003 | EG-GICUC | ||
| 005 | 20260121101338.0 | ||
| 008 | 251124s2003 ua |||fr|||| 000 0 ara d | ||
| 017 | _a2003/19352 | ||
| 020 | _a977044314x | ||
| 040 |
_a EG-GICUC _bara _c EG-GICUC _d EG-GICUC _erda |
||
| 041 | 0 | _aara | |
| 082 | 0 | 4 |
_221 _a345.310535 _bم ح . ض |
| 092 | 0 | 4 | _221 |
| 099 | _aLaw1 07 345.310535 م ح . ض 2003 | ||
| 100 | 0 |
_aمحمد عبيد الحساوي القحطاني _eمؤلف. |
|
| 245 | 1 | 2 |
_aالضبط الإداري وسلطاته عبر العصور التاريخية وفي دولة الإمارات العربية المتحدة : _bالنشأة والتطور / _cمحمد عبيد الحساوي القحطاني |
| 264 | 1 |
_aالقاهرة : _b[دار أبو المجد]، _c2003 |
|
| 300 |
_a274 ؛ صفحة _c24 سم. |
||
| 336 |
_2rda content _atext |
||
| 337 |
_2rda media _aComputer |
||
| 338 |
_2rda carrier _aOnline Resource |
||
| 504 | _aيشتمل على إرجاعات ببليوجرافية. | ||
| 546 | _aالنص باللغة العربية | ||
| 650 | 1 | 4 |
_aالضبط الإداري _2qrmak |
| 651 | 1 | _2qrmak | |
| 856 | 4 | 0 | _uhttps://fll.law.cu.edu.eg/fulltext/bks/B07-00856.pdf |
| 905 | _a78 | ||
| 942 |
_2ddc _cBK _e21 _n0 |
||
| 999 |
_c45682 _d45682 |
||